Вып. 6; Английский язык

Podrobná bibliografie
Parent link:Английский язык: [курс англ. яз. в 10 вып.]/ под ред. Д. Томсона. Вып. 6.— 2-е изд..— , 1929
Shrnutí:Нумерация стр. в Хрестоматии продолжающаяся
Нет тит. л.
Немая обложка.
Jazyk:ruština
angličtina
Vydáno: 1929
Témata:
Médium: MixedMaterials Kniha
KOHA link:https://koha.lib.tpu.ru/cgi-bin/koha/opac-detail.pl?biblionumber=263055

MARC

LEADER 00000nam2a2200000 4500
001 263055
005 20231031222256.0
035 |a (RuTPU)RU\TPU\book\286040 
035 |a RU\TPU\book\286029 
090 |a 263055 
100 |a 20140605d1929 m y0rusy50 ca 
101 0 |a rus  |a eng 
102 |a UA 
105 |a y j 001zy 
200 0 |a Вып. 6 
210 |d 1929 
215 |a 88 с. + [16] с. 
300 |a Нумерация стр. в Хрестоматии продолжающаяся 
300 |a Нет тит. л. 
300 |a Немая обложка. 
320 |a Хрестоматия: с. 41-56 
320 |a Постраничные примечания. 
461 1 |0 (RuTPU)RU\TPU\book\285994  |t Английский язык  |o [курс англ. яз. в 10 вып.]  |f под ред. Д. Томсона  |v Вып. 6  |e 2-е изд.  |d 1929  |s Академия иностранных языков 
610 1 |a английский язык 
610 1 |a учебные пособия 
610 1 |a упражнения 
610 1 |a грамматика 
801 1 |a RU  |b 63413507  |c 20140605 
801 2 |a RU  |b 63413507  |c 20140609  |g RCR 
942 |c BK